Liaquat Ali Khan: his life and work (Record no. 403000)

000 -LEADER
fixed length control field 00463cam a22001457a 4500
008 - FIXED-LENGTH DATA ELEMENTS--GENERAL INFORMATION
fixed length control field 180718b2003 xxu||||| |||| 00| 0 eng d
020 ## - INTERNATIONAL STANDARD BOOK NUMBER
International Standard Book Number 0195797884
082 ## - DEWEY DECIMAL CLASSIFICATION NUMBER
Classification number A99/K527 K169
100 ## - MAIN ENTRY--PERSONAL NAME
Personal name Kazimi, Muhammad Reza
245 ## - TITLE STATEMENT
Title Liaquat Ali Khan: his life and work
Statement of responsibility, etc. by Muhammad Reza Kazimi
260 ## - PUBLICATION, DISTRIBUTION, ETC.
Place of publication, distribution, etc. Oxford
Name of publisher, distributor, etc. Oxford Univ. Press
Date of publication, distribution, etc. 2003
300 ## - PHYSICAL DESCRIPTION
Extent 354p.
650 ## - SUBJECT ADDED ENTRY--TOPICAL TERM
Topical term or geographic name entry element Khan, Liaquat Ali - Criticism and interpretation
650 ## - SUBJECT ADDED ENTRY--TOPICAL TERM
Topical term or geographic name entry element Khan, Liaquat Ali - Biography
Holdings
Withdrawn status Lost status Damaged status Not for loan Permanent Location Current Location Date acquired Full call number Barcode Date last seen Price effective from Koha item type
        Indian Institute of Public Administration Indian Institute of Public Administration 2004-09-20 A99/K527 K169 79616 2018-07-21 2018-07-21 Book

Powered by Koha